Kinh tế Việt Nam 2005

সংরক্ষণ করুন:
গ্রন্থ-পঞ্জীর বিবরন
সংস্থা লেখক: Viện nghiên cứu quản lý kinh tế Trung ương
বিন্যাস: গ্রন্থ
ভাষা:Undetermined
প্রকাশিত: Hà Nội Lý luận chính trị 2006
বিষয়গুলি:
ট্যাগগুলো: ট্যাগ যুক্ত করুন
কোনো ট্যাগ নেই, প্রথমজন হিসাবে ট্যাগ করুন!
Thư viện lưu trữ: Trung tâm Học liệu Trường Đại học Cần Thơ
LEADER 00655nam a2200205Ia 4500
001 CTU_103518
008 210402s9999 xx 000 0 und d
082 |a 330.9597 
082 |b V305 
110 |a Viện nghiên cứu quản lý kinh tế Trung ương 
245 0 |a Kinh tế Việt Nam 2005 
245 0 |c Viện nghiên cứu quản lý kinh tế Trung ương 
260 |a Hà Nội 
260 |b Lý luận chính trị 
260 |c 2006 
650 |a Economic geography,Vietnam 
650 |x Economic conditions 
650 |y 2005 
904 |i Năm 
980 |a Trung tâm Học liệu Trường Đại học Cần Thơ